| 000 | 01483cam a2200349 a 4500 | ||
|---|---|---|---|
| 999 |
_c126308 _d126308 |
||
| 001 | 12459632 | ||
| 003 | ARRUPE | ||
| 005 | 20170322092057.0 | ||
| 008 | 101060s1998 rh a b 000 0 eng | ||
| 010 | _a 2001295274 | ||
| 035 | _a(DLC) 200129527 | ||
| 040 |
_aDLC _cDLC _dDLC |
||
| 042 | _alcode | ||
| 043 | _af------ | ||
| 050 | 0 | 0 |
_aK3240 _b.H8567 1998 |
| 082 | 0 | 0 |
_a341.4/81 _221 |
| 245 | 0 | 0 |
_aHuman rights enforcement & implementation mechanisms : _ba practical guide to United Nations and the Organisation of African Unity protection mechanisms / _cCompiled by L. Zulu and P. Matsheza |
| 260 |
_aHarare : _bHuman Rigths Research and Documentation Trust of Southern Africa, _c2001 |
||
| 300 |
_a118 p. : _bill., ; _c21 cm. |
||
| 500 | _aCover title. | ||
| 500 | _a"Published in commemoration of the 50th anniversary of the Universal Declaration of Human Rights." | ||
| 504 | _aIncludes bibliographical references. | ||
| 650 | 0 |
_aHuman rights. _929459 |
|
| 650 | 0 |
_aHuman rights _zAfrica. _919054 |
|
| 700 | 1 |
_aMatsheza, Philliat. _923105 |
|
| 700 | 1 |
_aZulu, L. _q(Leonard) _923107 |
|
| 906 |
_a7 _bcbc _corigode _d2 _encip _f20 _gy-gencatlg |
||
| 942 |
_2lcc _cMONOGRAPH |
||